MARC

LEADER 00000nam0a2200000 4500
001 298176
005 20231102001059.0
035 |a (RuTPU)RU\TPU\book\323318 
090 |a 298176 
100 |a 20150616d m y0rusy50 ca 
101 0 |a rus 
102 |a RU 
105 |a a j 000zy 
200 1 |a Технология металлов (механическая обработка металлов)  |f Н. Лабзин 
205 |a Литографическое издание 
210 |a Санкт-Петербург  |c Литография И. Лаппинс 
215 |a 242 с.  |c ил. 
300 |a Тит. лист отсутствует 
606 |a Технология металлов  |x Металлургия  |2 stltpush  |3 (RuTPU)RU\TPU\subj\60153  |9 77642 
610 1 |a металлы 
610 1 |a обработка 
610 1 |a чугунолитейное производство 
610 1 |a формовочные пески 
610 1 |a формовка 
610 1 |a формовочные глины 
610 1 |a машинная формовка 
610 1 |a литейное оборудование 
610 1 |a плавка 
610 1 |a чугун 
610 1 |a печи 
610 1 |a устройства 
610 1 |a литография 
610 1 |a учебные пособия 
610 1 |a коллекция русских учебников 
675 |a 669.017(075.8)  |v 4 
700 1 |a Лабзин  |b Н. 
801 1 |a RU  |b 63413507  |c 20150616 
801 2 |a RU  |b 63413507  |c 20221111  |g RCR 
942 |c BK